000 00937nam a2200229 a 4500
999 _c447429
_d447429
003 BLK
005 20230628140736.0
008 220221b bu ||||| |||| 00| ||bu d
040 _aBLK
041 _aBUL
_cBUL
080 _aУниверситети
_b378.4
_x(084.5)(062)
_z378.4((084.5)(062)
139 _aТехнически университет - Русе
_bТ 53
245 _aТехнически университет - Русе
_bАвтотранспортен факултет, специалност транспортна техника и технологии
_h[Малотир. изд.]
260 _aРусе
_cб. г.
300 _a1 л.
_bцв. печ.
_c40Х22см
380 _a3
653 7 _9188234
_aкандидатстудентска кампания
653 7 _9195871
_aРусенски университет
852 _bК
_cК 378/Т 53
942 _cKNG
_n0
_s1
_01
944 _aCR
_c2022-03-07
_kК.Д.